000 00607nam a2200229Ia 4500
003 OSt
005 20220923230732.0
006 a|||||r|||| 00| 0
007 ta
008 Pun
024 _a305,166
037 _cTextual
040 _aARTS
_cARTS
_bPun
041 _2Pun
_aPun
082 _aQ8441:(P:4)k, 153J9;N1
100 _aਮਹਿਤਾਬ ਸਿੰਘ
245 0 _aਨਾਵਾਂ ਤੇ ਥਾਵਾਂ ਦਾ ਕੋF
260 _c1991
650 _aਧਰਮ
942 _hQ8441:(P:4)k, 153J9;N1
_cTEXL
_2CC
999 _c386969
_d386969